000 00285nam a22001217a 4500
082 _a894.812
_bANI/P
100 _aANITHA
245 _aPOOCHAYE VARACHAPPOL
246 _aPOOCHAYE VARACHAPPOL
_bPOOCHAYE VARACHAPPOL
260 _aTHRISSUR
_bKSSP
_c2023
650 _aMALAYALAM
942 _cBK
999 _c9134
_d9134